000 00403nam a2200157Ia 4500
008 100122s9999 xx 000 0 und d
082 _b35603
_a153.42
100 _aHOLLAWAY JOHN
245 _aLANGUAGE AND INTELLINGENCE
250 _a0
260 _bDREAMLAND PUBLICATIONS
_c1905
300 _a192
630 _aLANGUAGE AND INTELLINGENCE
730 _aLANGUAGE AND INTELLINGENCE
942 _cBOOK
999 _c371272
_d371269